Ministrowie Obrony Narodowej III RP - Statystyki

Ogólne statystyki
  • Ten quiz został rozwiązany 40 razy
  • Średni wynik to 7 z 16
Statystyki odpowiedzi
Imię i Nazwisko Partia Czas Urzędowania Rząd % Poprawnych
Władysław Kosiniak-Kamysz PSL 2023 - nadal Trzeci Rząd Tuska
95%
Radosław Sikorski bezpartyjny 2005 - 2007 Rząd Marcinkiewicza / Kaczyńskiego
91%
Mariusz Błaszczak PiS 2018 - 2023 Pierwszy, Drugi i Trzeci Rząd Morawieckiego
86%
Antoni Macierewicz PiS 2015 - 2018 Rząd Szydło / Pierwszy Rząd Morawieckiego
82%
Bronisław Komorowski SKL 2000 - 2001 Rząd Buzka
55%
Tomasz Siemoniak PO 2011 - 2015 Pierwszy i Drugi Rząd Tuska / Rząd Kopacz
55%
Jan Parys bezpartyjny 1991 - 1992 Rząd Olszewskiego
50%
Jerzy Szmajdziński SLD 2001 - 2005 Rząd Millera / Pierwszy i Drugi Rząd Belki
36%
Janusz Onyszkiewicz UD 1992 - 1993 Rząd Suchockiej
32%
Janusz Onyszkiewicz UW 1997 - 2000 Rząd Buzka
32%
Aleksander Szczygło PiS 2007 - 2007 Rząd Kaczyńskiego
23%
Bogdan Klich PO 2007 - 2011 Pierwszy Rząd Tuska
23%
Piotr Kołodziejczyk bezpartyjny 1990 - 1991 Rząd Mazowieckiego / Bieleckiego
14%
Piotr Kołodziejczyk bezpartyjny 1993 - 1994 Rząd Pawlaka
14%
Stanisław Dobrzański PSL 1996 - 1997 Rząd Oleksego / Cimoszewicza
5%
Zbigniew Okoński bezpartyjny 1995 - 1995 Rząd Oleksego
5%
Nie znaleziono quizów pasujących do podanych kryteriów
Rozkład punktacji
Procent ludzi z każdym wynikiem
Percentyl według liczby udzielonych odpowiedzi
Twoja historia wyników
Nie rozwiązałeś tego quizu